000 00448nam a22001457a 4500
020 _qPB.
040 _cFIZZA ISHAQ
082 _a327.730
_bDON
100 _aNUECHTERLEIN,E.DONALD.
_9133590
245 _aAMERICA RECOMMITTED A SUPERPOWER ASSESSES ITS ROLE IN A TURBULENT WORLD /
_cDONALD E.NUECHTERLEIN.
250 _a2ND ED.
260 _aNEW YORK ;
_bThe University Press of Kentucky,
_c2001.
300 _a323 P. ;
_c8.3X5.3IN
942 _2ddc
_cBK
999 _c616536
_d616536